| 000 | 00484nam a22001577a 4500 | ||
|---|---|---|---|
| 008 | 140129b xxu||||| |||| 00| 0 eng d | ||
| 082 |
_221 _a658.01 |
||
| 100 |
_9114 _aChristopher, Martin |
||
| 245 |
_aLogistic & supply chain management _cby Martin Christopher. |
||
| 250 | _a2nd ed. | ||
| 260 |
_aLondon, _bFinancial Times, _cc1998. |
||
| 300 |
_axvii, 614p.: _bills., chats., tabs.; _c23 cm. |
||
| 500 | _aIncludes bibliography and index. | ||
| 650 | 0 |
_939 _aManagement |
|
| 942 |
_2ddc _cBK |
||
| 999 |
_c95 _d95 |
||